Statistics for US city firsts

Click here to take the quiz!

General Stats

  • This quiz has been taken 24 times
    (21 since last reset)
  • The average score is 6 of 10

Answer Stats

Item(Year)Answer% Correct
Aquarium(1896)New York
100%
Ferris Wheel(1893)Chicago
90%
Lighthouse(1716)Boston
90%
Daily Newspaper(1784)Philadelphia
81%
Traffic Light(1914)Cleveland
57%
Ambulance service(1865)Cincinnati
52%
Baseball Stadium(1909)Pittsburgh
52%
Public TV station(1953)Houston
38%
Opera House(1859)New Orleans
38%
Parking Meter(1935)Oklahoma City
14%

Score Distribution

Percentile by Number Answered

Percent of People with Each Score

Your Score History

You have not taken this quiz since the last reset